Manual para el control integral de las nm̤inas

Bibliographic Details
Main Author: Přez Chavez, Još
Corporate Author: Instituto Mexicano de Contadores Pb︢licos
Other Authors: Campero Guerrero, Eladio
Format: eBook
Language:Spanish
Published: [Mx̌ico] : Instituto Mexicano de Contadores Pb︢licos, 2010.
Subjects:
Online Access:Acceso restringido

MARC

LEADER 00000nam a22000007a 4500
005 20110923121955.0
008 110923s2010 mx |||||s|||| 00||0 spa d
020 |a 978-607-440-106-6  
035 |a 4957 
040 |a vLex 
090 |c 2553  |d 2553 
100 1 |a Přez Chavez, Još 
245 1 0 |a Manual para el control integral de las nm̤inas  |h [Recurso electrn̤ico] /  |c Jos ̌Přez Chavez; Eladio Campero Guerrero 
256 |a Servicio en ln̕ea. 
260 |a [Mx̌ico] :  |b Instituto Mexicano de Contadores Pb︢licos,  |c 2010. 
300 |a 1 recurso electrn̤ico 
506 1 |a Contenido solo disponible en los productos indicados  |d vLex Global  |d vLex Global (Academic Edition, excluding Law Schools)  |d vLex Global (U.S. Academic Edition, Law Schools)  |d vLex Global (U.S. Academic Edition, excluding Law Schools)  |d vLex Global (Academic Edition, Law Schools) 
650 0 4 |a Nm̤inas  |z Mx̌ico 
700 1 |a Campero Guerrero, Eladio 
710 2 |a Instituto Mexicano de Contadores Pb︢licos 
740 0 |a vLex Libros (Servicio en ln̕ea) 
856 4 0 |u http://vlex.com/source/manual-control-integral-nominas-4957  |z Acceso restringido 
942 |c BOOK